LIBRARY & INFORMATION CENTRE, KCAET, TAVANUR

ONLINE PUBLIC ACCESS CATALOGUE (OPAC)

Wind Energy Systems And Applications (Record no. 14268)

MARC details
000 -LEADER
fixed length control field 00441nam a22001577a 4500
003 - CONTROL NUMBER IDENTIFIER
control field OSt
008 - FIXED-LENGTH DATA ELEMENTS--GENERAL INFORMATION
fixed length control field 241223b |||||||| |||| 00| 0 eng d
020 ## - INTERNATIONAL STANDARD BOOK NUMBER
ISBN 9788173196997
082 ## - DEWEY DECIMAL CLASSIFICATION NUMBER
Classification number 621.47
Item number KOT/WI
100 ## - MAIN ENTRY--AUTHOR NAME
Personal name Kothari,D.P
-- Umashankar,S.
245 ## - TITLE STATEMENT
Title Wind Energy Systems And Applications
260 ## - PUBLICATION, DISTRIBUTION, ETC. (IMPRINT)
Place of publication New Delhi
Name of publisher Narosa Publishing House
Year of publication 2014
300 ## - PHYSICAL DESCRIPTION
Number of Pages 286
490 ## - SERIES STATEMENT
Series statement Narosa Series In Power And Energy Systems
942 ## - ADDED ENTRY ELEMENTS (KOHA)
Koha item type Books
Holdings
Withdrawn status Lost status Damaged status Collection code Home library Current library Shelving location Date acquired Source of acquisition Cost, normal purchase price Full call number Accession Number Koha item type
        KAUAET KAUAET General Stacks 10/06/2016 Cosmo Book House, Calicut 295.00 621.47 KOT/WI 24346 Books
free website counter